Japan's economy: A bibliography of its past and present
Wedi'i Gadw mewn:
| Prif Awdur: | |
|---|---|
| Fformat: | Llyfr |
| Iaith: | Undetermined |
| Cyhoeddwyd: |
New York
Markus Wiener
1989
|
| Pynciau: | |
| Tagiau: |
Ychwanegu Tag
Dim Tagiau, Byddwch y cyntaf i dagio'r cofnod hwn!
|
| Thư viện lưu trữ: | Trung tâm Học liệu Trường Đại học Cần Thơ |
|---|
| LEADER | 00553nam a2200205Ia 4500 | ||
|---|---|---|---|
| 001 | CTU_104649 | ||
| 008 | 210402s9999 xx 000 0 und d | ||
| 082 | |a 016.330952 | ||
| 082 | |b W943 | ||
| 100 | |a William D. Wray | ||
| 245 | 0 | |a Japan's economy: | |
| 245 | 2 | |b A bibliography of its past and present | |
| 245 | 0 | |c William D. Wray | |
| 260 | |a New York | ||
| 260 | |b Markus Wiener | ||
| 260 | |c 1989 | ||
| 650 | |a japan | ||
| 650 | |x economic conditions,bibliography | ||
| 904 | |i Truc | ||
| 980 | |a Trung tâm Học liệu Trường Đại học Cần Thơ | ||